| 000 | 00558nam a2200181 a 4500 | ||
|---|---|---|---|
| 001 | BRCA_1653 | ||
| 005 | 20190320203507.0 | ||
| 008 | 011016s1990 mx-a---###---#000-0#spa-u | ||
| 020 | _a9686363076 | ||
| 050 | 4 |
_aNA750 _b.L57 1990 |
|
| 100 | 1 |
_aLira Vásquez, Carlos _95158 |
|
| 245 | 1 | 0 |
_aPara una historia de la arquitectura mexicana _cCarlos Lira Vásquez. |
| 260 |
_aMéxico _bUAM, Azcapotzalco : Tilde _c1990 |
||
| 300 |
_a202 p. _bil. _c26 cm. |
||
| 504 | _aBibliografía : p. 195-199 | ||
| 650 | 1 | 4 |
_aArquitectura _xHistoria _zMéxico _9639 |
| 942 |
_2lcc _cB |
||
| 999 |
_c1451 _d1451 |
||